000 00253nam a2200133Ia 4500
100 _aWestermann
650 _aChemistry
942 _cBK
245 _aMetal Tables
260 _bnone
_c2001
082 _a620.1
_bWES
546 _aENGLISH
999 _c20204
_d20204